00465nam a2200181Ia 450000500170000000800410001702000180005804100080007608200150008410000140009924500470011325000120016026000320017230000090020450000280021365000280024170000140026920251122104504.0230125s9999 xx 000 0 und d a9788130924267 aeng a158.1bJAY aJayapriya aFrom Crippling Emotions To Can-Do Attitude a1st Ed. c2016bViva BooksaNew Delhi a128p aPersonality Development aPersonality Development aJayapriya